Flagi z flagą Wielkiej Brytanii - Statystyki

Ogólne statystyki
  • Ten quiz został rozwiązany 282 razy
  • Średni wynik to 4 z 5
Statystyki odpowiedzi
Obrazkowy Odpowiedź % Poprawnych
Wielka Brytania
100%
Australia
99%
Nowa Zelandia
97%
Fidżi
77%
Tuvalu
67%
Nie znaleziono quizów pasujących do podanych kryteriów
Rozkład punktacji
Procent ludzi z każdym wynikiem
Percentyl według liczby udzielonych odpowiedzi
Twoja historia wyników
Nie rozwiązałeś tego quizu